000 00539nam a22001937a 4500
999 _c7243
_d7243
003 GBCCL
005 20241126110623.0
008 180719b ||||| |||| 00| 0 eng d
020 _a0195146735
040 _cgbc
082 _a423.1
_bOXF
245 _aThe Oxford Dictionary of difficult words /
_cEdited by Archie Hobson
250 _aInd. ed. reprinted
260 _bOxford University Press,
_aNew York:
_c2004
300 _axii, 484 p.;
_c21 cm.
650 _aDictionary
_912827
650 _aDifficult words
_912828
942 _2ddc
_cREF